| 000 | 00670nam a22001937a 4500 | ||
|---|---|---|---|
| 003 | OSt | ||
| 005 | 20240628114004.0 | ||
| 008 | 240628b |||||||| |||| 00| 0 eng d | ||
| 020 | _a9780521696166 | ||
| 040 |
_aDDC _cMUST |
||
| 082 | _a362.19 AGE 2005 | ||
| 100 |
_aEdited by Geoff Foster... (et al) _918328 |
||
| 245 |
_aA generation at Risk: _bThe Global Impact of HIV/AIDS on Orphans and Vulnerable Children/ _cEdited by Geoff Foster. |
||
| 260 |
_aNY: _bCambridge University Press; _c2005. |
||
| 300 |
_axx,312p.: _c22.8cm. |
||
| 504 | _aIncludes Bibliographical Indexes | ||
| 650 |
_2Global impact on HIV/AIDS _aVulnerable Children _918329 |
||
| 942 |
_2ddc _cO_SHELF |
||
| 999 |
_c9015 _d9015 |
||